| 000 | 00656nam a2200229 a 4500 | ||
|---|---|---|---|
| 001 | BRCA_3991 | ||
| 005 | 20190320204514.0 | ||
| 008 | 150110s1966----it-a######---#000-0#ita-# | ||
| 041 | _aita | ||
| 044 | _ait | ||
| 050 | 4 |
_aNK2560 _b.B23 1966 |
|
| 100 | 1 |
_aBaccheschi, Edi. _910377 |
|
| 245 | 1 | 0 |
_aIl Mobile Veneziano del Settecento _cEdi Baccheschi. |
| 260 |
_aMilán _bGörlich _c1966 |
||
| 300 |
_a131 p. _bil., 160 en blanco y negro y 8 a color _c24 cm. |
||
| 440 | 0 |
_aConoscere gli stili dei mobili _910378 |
|
| 500 | _aCDE73 | ||
| 650 | 1 | 4 |
_aMuebles italianos _910379 |
| 650 | 1 | 4 |
_aMuebles _zVenecia, Italia _910380 |
| 902 | _aGFM | ||
| 942 |
_2lcc _cB |
||
| 999 |
_c3717 _d3717 |
||